Cenník elektrickej energie pre podnikateľov a organizácie (č. E-P/1996-SR 1996)

Bibliographic Details
Format: Article
Language:Slovak
PhysicalDescription:Tab. 2
Subjects:

MARC

LEADER 00000nab a2200000 a 4500
001 vtls000594672
003 SK-MaSNL
005 20260303230220.0
008 160202c1996 xo 0 slo
015 |a SNBRB19rr/mm-uuuuu 
035 |a CL0594811 
040 |a SNKBUCL  |b slo  |c SNKBUCL  |e AACR2 
041 0 |a slo 
044 |a xo  |c SK 
080 |a 620.9(437.6):621.31(437.6):338.5  |2 1981 
080 |a 621.31(437.6)  |2 1981 
080 |a 338.5  |2 1981 
245 0 0 |a Cenník elektrickej energie pre podnikateľov a organizácie (č. E-P/1996-SR 1996) 
300 |b Tab. 2 
650 0 7 |a elektrická energia  |2 snkbucl  |9 67407 
650 0 7 |a ceny  |2 snkbucl  |9 2113 
655 7 |a články z novín a časopisov  |2 snkbucl  |9 267496 
773 0 |t Národná obroda  |g Roč. 7, č. 183 (7. 8. 1996) 
773 0 |t [Príl.] Dokument  |g S. C-D 
850 |a Slovenská národná knižnica v Martine  |a MTA001 
852 |a SNK  |b KIS3GCP 
958 |a RK 
958 |a SK 
992 |a RBX 
999 |c 2260751  |d 2262681